000 00501cam a2200205ua 4500
001 8612
008 150210n ii |||gr||||Z||||||eng
020 _a8125010491
040 _cMAIN
041 _aeng
082 _a822.33
100 _aHulme, H. M.,
_eEditor.
245 1 _aWilliam shakespeare Julius Ceasar
_cEdited by H. M. Hulme
250 _a2nd rev.
260 _aHyderabad:
_bOrient,
_c2001.
300 _axvi,268p.
653 _aEnglish drama
653 _aShakespeare drama
942 _cBK
999 _c7712
_d7712